Curious George in the snow (Record no. 109342)

MARC details
000 -LÍDER
campo de controle de tamanho fixo 00848 a2200289 4500
001 - NÚMERO DE CONTROLE
campo de controle 109342
020 ## - ISBN - INTERNATIONAL STANDARD BOOK NUMBER
ISBN - International Standard Book Number 0329088181
020 ## - ISBN - INTERNATIONAL STANDARD BOOK NUMBER
ISBN - International Standard Book Number 0329611143
020 ## - ISBN - INTERNATIONAL STANDARD BOOK NUMBER
ISBN - International Standard Book Number 0395919029 (RNF)
020 ## - ISBN - INTERNATIONAL STANDARD BOOK NUMBER
ISBN - International Standard Book Number 039591907X (pbk.)
020 ## - ISBN - INTERNATIONAL STANDARD BOOK NUMBER
ISBN - International Standard Book Number 0395923360 (hc)
041 ## - CÓDIGO DE IDIOMA
Código do idioma do texto/trilha sonora ou título diferente por
090 ## - NÚMERO DE CHAMADA LOCAL
Número de chamada (OCLC) (R); Número de chamada, CALL (RLIN) (NR) JK [E]
092 ## - CLASSIFICAÇÃO DE DEWEY ATRIBUÍDA LOCALMENTE (OCLC)
Número de Classificação 98014162
040 ## - FONTE DA CATALOGAÇÃO
Instituição da catalogação original BR-BrIDEA
Instituição que transcreveu o registro BR-BrIDEA
250 ## - EDIÇÃO
Edição . ed.
245 10 - TÍTULO
Título Curious George in the snow
Indicação de responsabilidade, etc. illustrated in the style of H.A. Rey by Vipah Interactive
260 ## - PUBLICAÇÃO, DISTRIBUIÇÃO, ETC.
Local de publicação, distribuição, etc. [S.l.]
Nome do editor, distribuidor, etc. Houghton Mifflin
Data da publicação, distribuição, etc. 1998
300 ## - DESCRIÇÃO FÍSICA
Extensão 24 p.
697 ## - ENTRADA DE ASSUNTO LOCAL--ENTIDADE COLETIVA (RLIN)
Nome corporativo ou nome da jurisdição Monkeys - Fiction.
697 ## - ENTRADA DE ASSUNTO LOCAL--ENTIDADE COLETIVA (RLIN)
Nome corporativo ou nome da jurisdição Curious George (Fictional character) - Fiction.
697 ## - ENTRADA DE ASSUNTO LOCAL--ENTIDADE COLETIVA (RLIN)
Nome corporativo ou nome da jurisdição Winter sports - Fiction.
697 ## - ENTRADA DE ASSUNTO LOCAL--ENTIDADE COLETIVA (RLIN)
Nome corporativo ou nome da jurisdição Curious George (Fictitious character)
700 ## - ENTRADA ADICIONADA - NOME PESSOAL
Nome pessoal the style of H.A. Rey by Vipah Interactive
Função do autor por extenso Illustrated
856 ## - LOCALIZAÇÃO ELETRÔNICA E ACESSO
Uniform Resource Identifier <a href="00000c/00000c58.jpg">00000c/00000c58.jpg</a>
942 ## - ELEMENTOS DE ENTRADA ADICIONADOS (KOHA)
Tipo de material Koha Livros
Holdings
Situação do descarte Situação das perdas Fonte da classificação ou esquema de arquivamento na estante Situação física Não pode ser emprestado Biblioteca de origem Biblioteca atual Data de aquisição Total de empréstimos Número de chamada completo Código de barras Data de último acesso Data do preço efetivo Tipo de material Koha
    Classificação Decimal de Dewey     ECB - SUDOESTE ECB - SUDOESTE 12/04/2018   JK [E] 00036245SSW 23/01/2024 23/01/2024 Livros